Successors to Rome - Statistics

General Stats
  • This quiz has been taken 92 times
  • The average score is 9 of 11
Answer Stats
Years Answer % Correct
1870-1943 Italy
95%
1944-Present Italy
95%
476-537 Odoacer
95%
540-550 Odoacer
95%
1943-1944 Germany
89%
756-1870 (Present) Papal States
85%
537-540 Byzantine Empire
83%
550-756 Byzantine Empire
83%
1944-1945 United Kingdom
83%
1944-1945 United States
81%
1944-1945 Canada
34%
No matching quizzes found
Score Distribution
Percent of People with Each Score
Percentile by Number Answered
Your Score History
You have not taken this quiz